Tactile EEG Biofeedback and its EEG Spectra Response

Bibliographic Details
Main Authors: Viceník, Klaudius, 1940- (Author), Bartok, Karol (Author)
Format: Article
Language:Slovak
English
PhysicalDescription:Obr. 1, lit. 2 zázn. v angl.
ISSN:0039-3320
Subjects:

MARC

LEADER 00000nab a2200000 a 4500
001 vtls000645858
003 SK-MaSNL
005 20260304094712.0
008 250425c1997 xo 0 slo
015 |a SNBRB19rr/mm-uuuuu 
035 |a CL0645997 
035 |a urn:nbn:sk:snk-ab2srl 
035 |a (urnnbn)urn:nbn:sk:snk:ar-a02vye 
035 |a (uuid)60acf908-fecd-4b56-9093-0a2ec687de08 
040 |a SNKBUCL  |b slo  |c SNKBUCL  |e AACR2 
041 0 |a eng 
044 |a xo  |c SK 
080 |a 159.923  |2 1981 
100 1 |a Viceník, Klaudius,  |d 1940-  |4 aut  |9 250447 
245 1 0 |a Tactile EEG Biofeedback and its EEG Spectra Response  |c Klaudius Viceník, Karol Bartok 
300 |b Obr. 1, lit. 2 zázn. v angl. 
650 0 7 |a osobnosť  |2 snkbucl  |9 4341 
655 7 |a články z novín a časopisov  |2 snkbucl  |9 267496 
700 1 |a Bartok, Karol  |4 aut  |9 1391354 
773 0 |t Studia psychologica  |g Roč. 39, č. 4 (1997), s. 291-293  |x 0039-3320 
850 |a Slovenská národná knižnica 
852 |a Slovenská národná knižnica 
958 |a article27 
958 |a RK 
958 |a OND 
958 |a EUIPO 
992 |a RBX 
999 |c 2828466  |d 2830396